Statistiques concernant Focus sur: James Potter II - Harry Potter

Cliquez ici pour prendre le quiz!

Statistiques générales

  • Ce quiz a été pris 151 fois
  • Le résultat moyen est 9 sur 11

Statistiques - réponses

Informations recherchéesRéponses% Correct
Ecole fréquentéePoudlard
97%
Maison fréquentéeGryffondor
96%
PèreHarry Potter
96%
MèreGinny Weasley
95%
SœurLily Potter II
95%
Statut du sangSang-Mêlé
95%
Première apparitionHarry Potter et les Reliques de la Mort
94%
FrèreAlbus Potter
93%
Couleur des cheveuxNoir
90%
Acteur l'interprétant dans les filmsWill Dunn
13%
Comédien l'interprétant dans la pièce de théâtreTom Milligan
10%

Distribution des résultats

Percentile par nombre de réponses

% des personnes avec chaque résultat

Votre développement - résultats

Vous n’avez pas pris ce quiz